[Event "Warsaw YMCA Spring-D 92nd"]
[Site "Warsaw"]
[Date "2011.05.17"]
[Round "7"]
[White "Janion, Ludwik"]
[Black "Dominiczak, Adrian"]
[Result "0-1"]
[WhiteElo "1731"]
[BlackElo "1722"]
[PlyCount "36"]
[EventDate "2011.04.05"]
[EventType "tourn"]
[EventRounds "13"]
[EventCountry "POL"]
[SourceTitle "EXT 2019"]
[Source "ChessBase"]
[SourceDate "2018.10.10"]
[SourceVersion "1"]
[SourceVersionDate "2018.10.10"]
[SourceQuality "1"]

1. e4 c5 2. Nf3 d6 3. g3 Nc6 4. c3 Nf6 5. d3 g6 6. Bg2 Bg7 7. 0-0 0-0 8. a4 a6 9. h3 Rb8 10. Be3 b5 11. Nbd2 b4 12. Nc4 bxc3 13. bxc3 Be6 14. e5 Nd5 15. exd6 exd6 16. d4 Nxc3 17. Qd3 cxd4 18. Bf4 Nb4 0-1

[Event "Warsaw YMCA Autumn-D 81st"]
[Site "Warsaw"]
[Date "2010.12.14"]
[Round "12"]
[White "Janion, Ludwik"]
[Black "Budrewicz, Henryk"]
[Result "1-0"]
[WhiteElo "1685"]
[BlackElo "1576"]
[PlyCount "79"]
[EventDate "2010.09.21"]
[EventType "tourn"]
[EventRounds "13"]
[EventCountry "POL"]
[SourceTitle "EXT 2019"]
[Source "ChessBase"]
[SourceDate "2018.10.10"]
[SourceVersion "1"]
[SourceVersionDate "2018.10.10"]
[SourceQuality "1"]

1. e4 e6 2. d4 b6 3. c4 Bb7 4. Nc3 Bb4 5. Bd3 f5 6. Qh5+ Kf8 7. Bg5 Nf6 8. Qh4 fxe4 9. Bc2 d5 10. Nge2 h6 11. Nf4 Bxc3+ 12. bxc3 Kf7 13. Bxf6 Qxf6 14. Qg3 Qg5 15. Qe3 Nd7 16. h4 Qe7 17. f3 Nf6 18. h5 Qa3 19. 0-0 Rhe8 20. fxe4 dxe4 21. Qg3 Kg8 22. Bb3 Qd6 23. Rad1 Rad8 24. Qg6 c5 25. d5 e5 26. Ne6 Qe7 27. Nxd8 Rxd8 28. Bc2 Rd6 29. Bxe4 Nxe4 30. Qxe4 Bc8 31. Rde1 Ba6 32. Rf5 Rd8 33. Rxe5 Qd6 34. Qg4 Rf8 35. Re6 Qf4 36. Qxf4 Rxf4 37. R1e4 Rf7 38. Re8+ Rf8 39. d6 Bb7 40. d7 1-0

[Event "Warsaw YMCA Autumn-D 81st"]
[Site "Warsaw"]
[Date "2010.11.30"]
[Round "10"]
[White "Janion, Ludwik"]
[Black "Gierech, Pawel"]
[Result "1-0"]
[WhiteElo "1685"]
[BlackElo "1693"]
[PlyCount "95"]
[EventDate "2010.09.21"]
[EventType "tourn"]
[EventRounds "13"]
[EventCountry "POL"]
[SourceTitle "EXT 2019"]
[Source "ChessBase"]
[SourceDate "2018.10.10"]
[SourceVersion "1"]
[SourceVersionDate "2018.10.10"]
[SourceQuality "1"]

1. e4 c6 2. d4 d5 3. exd5 cxd5 4. Bd3 Nf6 5. Nf3 Nc6 6. c3 Bg4 7. h3 Bh5 8. Nbd2 e6 9. 0-0 Bd6 10. Qb3 Qd7 11. Re1 0-0 12. Ne5 Qc7 13. Ndf3 Nd7 14. Qc2 Ncxe5 15. dxe5 Nxe5 16. Bxh7+ Kh8 17. Nxe5 Bxe5 18. g4 g6 19. gxh5 Kxh7 20. Qe2 Bh2+ 21. Kh1 Rg8 22. Qe3 g5 23. Qd4 Bf4 24. Rg1 Bxc1 25. Raxc1 Qf4 26. Qxf4 gxf4 27. Rg4 Rxg4 28. hxg4 f3 29. Kh2 Rg8 30. Rg1 Kh6 31. Rg3 Kg5 32. Rxf3 f6 33. Rd3 f5 34. gxf5 Kxf5 35. h6 Rh8 36. Rh3 b5 37. Kg3 a5 38. h7 Ke4 39. Kg2 e5 40. Kf1 d4 41. cxd4 Kxd4 42. Ke2 b4 43. b3 Ke4 44. Rh4+ Kf5 45. Ke3 Kg5 46. Rh1 Kf5 47. Rh2 e4 48. Rh1 1-0

[Event "Warsaw YMCA Autumn-D 81st"]
[Site "Warsaw"]
[Date "2010.10.05"]
[Round "3"]
[White "Wilczynski, Adam"]
[Black "Janion, Ludwik"]
[Result "0-1"]
[WhiteElo "1726"]
[BlackElo "1685"]
[PlyCount "68"]
[EventDate "2010.09.21"]
[EventType "tourn"]
[EventRounds "13"]
[EventCountry "POL"]
[SourceTitle "EXT 2019"]
[Source "ChessBase"]
[SourceDate "2018.10.10"]
[SourceVersion "1"]
[SourceVersionDate "2018.10.10"]
[SourceQuality "1"]

1. c4 Nf6 2. g3 e5 3. Bg2 Nc6 4. Nc3 Bb4 5. Nd5 0-0 6. Nxb4 Nxb4 7. Nf3 d6 8. 0-0 c6 9. a3 Na6 10. d3 h6 11. b4 Re8 12. Bb2 Qc7 13. Rc1 Be6 14. c5 Nd7 15. cxd6 Qxd6 16. Nd2 Rad8 17. Nc4 Qe7 18. Na5 Rb8 19. d4 e4 20. e3 Bd5 21. Qe2 Nc7 22. Qd2 Ne6 23. Nc4 Ng5 24. Qd1 Nf3+ 25. Kh1 Qg5 26. Nd2 Qh5 27. Bxf3 exf3 28. e4 Bxe4 29. Nxe4 Rxe4 30. d5 Re2 31. Qd4 Nf6 32. dxc6 bxc6 33. Rxc6 Qh3 34. Rg1 Re1 0-1

[Event "Warsaw YMCA Spring-A 78th"]
[Site "Warsaw"]
[Date "2010.06.24"]
[Round "12"]
[White "Wrabel, Antoni"]
[Black "Janion, Ludwik"]
[Result "1-0"]
[WhiteElo "1844"]
[BlackElo "1834"]
[PlyCount "119"]
[EventDate "2010.04.06"]
[EventType "tourn"]
[EventRounds "13"]
[EventCountry "POL"]
[SourceTitle "EXT 2011"]
[Source "ChessBase"]
[SourceDate "2010.11.26"]
[SourceVersion "1"]
[SourceVersionDate "2010.11.26"]
[SourceQuality "1"]

1. e4 e5 2. Nf3 Nc6 3. Bb5 a6 4. Ba4 Nf6 5. 0-0 Be7 6. Qe2 b5 7. Bb3 0-0 8. c3 d6 9. h3 Na5 10. Bc2 c5 11. d3 Bb7 12. Nbd2 Qc7 13. Re1 Nd7 14. Nf1 Bf6 15. Ne3 Nb6 16. Ng4 Be7 17. Bd2 f5 18. exf5 Rxf5 19. Nfh2 Raf8 20. f3 Bh4 21. Rf1 h5 22. Ne3 R5f6 23. a4 Nc6 24. a5 Nd7 25. Nd5 Qd8 26. Nxf6+ Nxf6 27. f4 Re8 28. Qd1 Bg3 29. fxe5 dxe5 30. Bg5 Bxh2+ 31. Kxh2 Ng4+ 32. Qxg4 hxg4 33. Bxd8 Rxd8 34. hxg4 c4 35. dxc4 Rd2 36. Be4 bxc4 37. Rad1 Rxb2 38. Rb1 Rb3 39. Bd5+ Kh7 40. Bxc4 Rxc3 41. Be6 Nxa5 42. Rf7 Be4 43. Re1 Bg6 44. Rf3 Rxf3 45. gxf3 Nc6 46. Kg3 Kh6 47. Kh4 Nd4 48. Bd5 e4 49. g5+ Kh7 50. Kg4 Bf5+ 51. Kf4 Nxf3 52. Rh1+ Kg6 53. Ra1 Nd4 54. Rxa6+ Kh7 55. Bxe4 Bxe4 56. Kxe4 Nb5 57. Rb6 Nc3+ 58. Kf5 Nd5 59. g6+ Kh6 60. Re6 1-0

[Event "Warsaw YMCA Spring-A 78th"]
[Site "Warsaw"]
[Date "2010.06.01"]
[Round "9"]
[White "Prazmowski, Bartosz"]
[Black "Janion, Ludwik"]
[Result "1-0"]
[WhiteElo "1862"]
[BlackElo "1834"]
[PlyCount "67"]
[EventDate "2010.04.06"]
[EventType "tourn"]
[EventRounds "13"]
[EventCountry "POL"]
[SourceTitle "EXT 2011"]
[Source "ChessBase"]
[SourceDate "2010.11.26"]
[SourceVersion "1"]
[SourceVersionDate "2010.11.26"]
[SourceQuality "1"]

1. d4 Nf6 2. c4 e6 3. Nf3 Bb4+ 4. Bd2 Qe7 5. a3 Bxd2+ 6. Nbxd2 d6 7. e4 Nbd7 8. Be2 c5 9. 0-0 cxd4 10. Nxd4 0-0 11. Bf3 Ne5 12. Be2 Bd7 13. f4 Nc6 14. N4f3 a5 15. Bd3 Ng4 16. Qe2 Qf6 17. e5 Qxf4 18. g3 Qh6 19. exd6 e5 20. c5 b6 21. cxb6 Qxd6 22. Ne4 Qe7 23. h3 f5 24. hxg4 fxe4 25. Qxe4 g6 26. Bc4+ Kg7 27. Bd5 Qc5+ 28. Kh1 Rae8 29. Rac1 Qxb6 30. Bxc6 Bxc6 31. Rxc6 Qxb2 32. Rc7+ Kh8 33. g5 Qxa3 34. Qb7 1-0

[Event "Warsaw YMCA Spring-A 78th"]
[Site "Warsaw"]
[Date "2010.05.21"]
[Round "7"]
[White "Bernacki, Gabriel"]
[Black "Janion, Ludwik"]
[Result "1-0"]
[WhiteElo "1839"]
[BlackElo "1834"]
[PlyCount "49"]
[EventDate "2010.04.06"]
[EventType "tourn"]
[EventRounds "13"]
[EventCountry "POL"]
[SourceTitle "EXT 2011"]
[Source "ChessBase"]
[SourceDate "2010.11.26"]
[SourceVersion "1"]
[SourceVersionDate "2010.11.26"]
[SourceQuality "1"]

1. d4 Nf6 2. c4 e6 3. Nc3 Bb4 4. e3 0-0 5. Bd3 b6 6. Nge2 Bb7 7. 0-0 d5 8. cxd5 exd5 9. Nf4 Bd6 10. Qf3 a6 11. Kh1 Nc6 12. Ncxd5 Nxd5 13. Qxd5 Na5 14. Qh5 g6 15. Qh6 Qd7 16. Nh5 f5 17. Nf4 c5 18. Rd1 Rad8 19. Bd2 Bxf4 20. Qxf4 cxd4 21. Bxa5 Qd5 22. Bf1 Qxa5 23. Rxd4 b5 24. Qe5 Rfe8 25. Bc4+ 1-0

[Event "Warsaw YMCA Winter-C 72nd+"]
[Site "Warsaw"]
[Date "2010.01.27"]
[Round "4"]
[White "Kupka, Kajetan"]
[Black "Janion, Ludwik"]
[Result "0-1"]
[WhiteElo "1863"]
[BlackElo "1834"]
[PlyCount "60"]
[EventDate "2010.01.06"]
[EventType "tourn"]
[EventRounds "13"]
[EventCountry "POL"]
[SourceTitle "EXT 2011"]
[Source "ChessBase"]
[SourceDate "2010.11.26"]
[SourceVersion "1"]
[SourceVersionDate "2010.11.26"]
[SourceQuality "1"]

1. d4 Nf6 2. c4 e6 3. Nc3 Bb4 4. e3 b6 5. Nf3 Bb7 6. Bd3 Ne4 7. Qc2 f5 8. a3 Bxc3+ 9. bxc3 Qf6 10. 0-0 d6 11. Nd2 Nxd2 12. Bxd2 Nd7 13. e4 f4 14. f3 e5 15. Qa4 exd4 16. e5 dxe5 17. Qc2 0-0-0 18. cxd4 exd4 19. Bf5 g6 20. Bxd7+ Rxd7 21. a4 d3 22. Qb3 Qd4+ 23. Kh1 Re8 24. Bc3 Qc5 25. Bb4 Qf5 26. c5 bxc5 27. Be1 Qd5 28. Qc3 Qd4 29. Qa5 Qxa1 30. Bg3 Qxf1# 0-1